Loading...
| History - European History | 3 | 1 | 1 | 1 | 50 | 39 | 65.00 | 1 | 4 |
| Literature - World Literature | 1 | 3 | 0 | 0 | 45 | 48 | 91.00 | 1 | 4 |
| Religion | 0 | 5 | 1 | 0 | 45 | 99 | 112.80 | 2 | 5 |
| History - Other History | 0 | 4 | 1 | 1 | 35 | 72 | 97.00 | 0 | 3 |
| History - American History | 1 | 2 | 1 | 0 | 30 | 46 | 75.33 | 1 | 3 |
| Literature - American Literature | 0 | 3 | 0 | 1 | 30 | 109 | 127.67 | 0 | 3 |
| Literature - European Literature | 0 | 3 | 0 | 1 | 30 | 106 | 129.00 | 0 | 0 |
| History - World History | 1 | 1 | 0 | 0 | 25 | 55 | 67.50 | 1 | 2 |
| Mythology | 0 | 3 | 1 | 1 | 25 | 83 | 94.67 | 0 | 3 |
| Fine Arts - Other Fine Arts | 0 | 2 | 0 | 0 | 20 | 76 | 92.00 | 0 | 1 |
| Fine Arts - Auditory Fine Arts | 0 | 2 | 0 | 1 | 20 | 121 | 131.50 | 0 | 1 |
| Fine Arts - Visual Fine Arts | 0 | 2 | 1 | 1 | 15 | 111 | 123.50 | 0 | 1 |
| Current Events | 0 | 1 | 0 | 0 | 10 | 130 | 130.00 | 0 | 0 |
| Literature - British Literature | 0 | 1 | 0 | 0 | 10 | 115 | 115.00 | 0 | 0 |
| Other Academic | 0 | 1 | 0 | 0 | 10 | 73 | 73.00 | 0 | 1 |
| Social Science | 0 | 1 | 1 | 0 | 5 | 93 | 93.00 | 1 | 1 |